Microbiology : An introduction

Đã lưu trong:
書目詳細資料
主要作者: Tortora, Gerard J.
格式: 圖書
語言:Undetermined
出版: San Francisco Benjamin Cummings 2004
主題:
標簽: 添加標簽
沒有標簽, 成為第一個標記此記錄!
Thư viện lưu trữ: Trung tâm Học liệu Trường Đại học Cần Thơ
LEADER 00536nam a2200193Ia 4500
001 CTU_219594
008 210402s9999 xx 000 0 und d
082 |a 579 
082 |b T712 
100 |a Tortora, Gerard J. 
245 0 |a Microbiology : 
245 3 |b An introduction 
245 0 |c Tortora, Gerard J., Berdell R. Funke, Christine L. Case 
260 |a San Francisco 
260 |b Benjamin Cummings 
260 |c 2004 
650 |a Microbiology 
904 |i Tuyến 
980 |a Trung tâm Học liệu Trường Đại học Cần Thơ